Securities as the subject of accounting in business entities

Súčasný stav cenných papierov v rámci nadnárodného dojednania a podľa modifikácie v Slovenskej republike. Nadnárodná úprava uplatňovaných IFRS (International financial reporting standards) v Európskej únii. Právne predpisy upravujúce jednotlivé druhy cenných papierov na účely účtovníctva, ako je kla...

Descrizione completa

Salvato in:
Dettagli Bibliografici
Autore principale: Lepieš, Matej, 1986-
Altri autori: Juhászová, Zuzana, 1970-
Natura: Capitolo di libro
Lingua:inglese
Soggetti:
Tags: Aggiungi Tag
Nessun Tag, puoi essere il primo ad aggiungerne!!

MARC

LEADER 00000nla a2200000 4500
001 0238932
005 20240502073852.6
041 0 |a eng 
044 |a SK 
245 1 0 |a Securities as the subject of accounting in business entities  |c Lepieš Matej, Juhászová Zuzana 
520 |a Súčasný stav cenných papierov v rámci nadnárodného dojednania a podľa modifikácie v Slovenskej republike. Nadnárodná úprava uplatňovaných IFRS (International financial reporting standards) v Európskej únii. Právne predpisy upravujúce jednotlivé druhy cenných papierov na účely účtovníctva, ako je klasifikácia, oceňovanie, vykazovanie a zverejňovanie podľa jednotných IFRS. 
610 2 0 |a papiere cenné 
610 2 0 |a Slovensko 
610 2 0 |a Európska únia 
610 2 0 |a štandardy medzinárodné 
610 2 0 |a IFRS 
610 2 0 |a regulácia štátna 
100 1 |a Lepieš, Matej, 1986- 
700 1 |a Juhászová, Zuzana, 1970-